000 00202nam a2200109Ia 4500
100 _aEDGAR/SNOW
942 _cBK
245 _aTHE LONG REVOLUTION.
260 _b#N/A
546 _aENGLISH
999 _c24591
_d24591